Multispectral image analysis using the object-oriented paradigm

Αποθηκεύτηκε σε:
Λεπτομέρειες βιβλιογραφικής εγγραφής
Κύριος συγγραφέας: Navulur, Kumar
Μορφή: Βιβλίο
Γλώσσα:English
Δημοσίευση: Boca Raton : CRC Press/Taylor & Francis, 2007
Θέματα:
Ετικέτες: Προσθήκη ετικέτας
Δεν υπάρχουν, Καταχωρήστε ετικέτα πρώτοι!

MARC

LEADER 00000nam a2200000 i 4500
001 1/93627
008 080911s2007 eng d
020 |a 1-4200-4306-4 
035 |l 10100054 
040 |a GR-MY-UA  |b gre  |e aacr 
041 0 |a eng 
082 0 |a 621.367  |2 (22) 
100 1 |a Navulur, Kumar. 
245 1 0 |a Multispectral image analysis using the object-oriented paradigm /  |c Kumar Navulur 
260 |a Boca Raton :   |b CRC Press/Taylor & Francis,   |c 2007 
300 |a 165 σ., [24] φύλλα πινάκων;  |b εικ. (μερ. έγχρ.);  |c 25 εκ.+  |e 1 οπτική δισκέτα λέϊζερ Η/Υ (4 3/4 ίν.) 
504 |a Βιβλιογραφία: σ. 151-153 
504 |a Ευρετήριο: σ. 155-163 
650 0 0 |a Image analysis. 
650 0 0 |a Remote sensing. 
650 0 0 |a Object-oriented methods (Computer science) 
852 |a INST  |b LESVOS  |e 20080911  |h 621.367 NAV  |p 005100043062  |q 005100043062  |t BK  |y 0 
852 |a INST  |b LESVOS  |e 20080911  |h 621.367 NAV   |p 005100043063  |q 005100043063  |t BK  |y 0 
901 |a BIBL1-2008-3 
909 |a Λ  |b 151399 
909 |a Λ  |b 137571 
922 |a 1ΕΛΗ  |b 200803  |c ΕΠΕΑΕΚ2/ΤΓ  |d ΠΑΠΑΣΩΤΗΡΙΟΥ 
970 |a ΚΑΡΑ  |b ΓΙΑΣΕΜΗ  |z 2008/09/11